000 00787nam a2200217 a 4500
001 22827
003 CO-ViMGA
008 141112s2004 ck r 000 u spa d
020 _a9789586826563
040 _aCO-ViMGA
_bspa
_cCO-ViMGA
082 0 4 _a371.394 A748e
100 1 _aArguelles, Denise Caroline
_932660
245 1 0 _aEstrategias para promover procesos de aprendizaje autònomo
250 _a2da ed.
260 _aColombia :
_bAlfaomega
300 _a314p.
505 _aAprendizaje, Aprendizaje autonomo, Habilidades de pensamiento y estrategias para el aprendizaje autonomo, los nuevos escenarios para el aprendizaje, Los nuevos escenarios para el aprendizaje
650 1 4 _aENSEÑANZAS INDIVIDUALIZADA
_932661
650 1 4 _aMETODOS DE ENSEÑANZA
_94790
942 _2ddc
_cBK
999 _c31123
_d31123